Statistics for Random European City to Country

Click here to take the quiz!

General Stats

  • This quiz has been taken 30 times
  • The average score is 9 of 10

Answer Stats

CityCountry% Correct
CorkIreland
96%
ValenciaSpain
96%
BristolUnited Kingdom
96%
SplitCroatia
92%
ThessalonikiGreece
92%
AarhusDenmark
88%
LublinPoland
77%
L'vivUkraine
77%
Novi SadSerbia
73%
OuluFinland
69%

Score Distribution

Percentile by Number Answered

Percent of People with Each Score

Your Score History

You have not taken this quiz